000 00669nam a2200277Ia 4500
005 20260320195801.0
008 008 262003s9999 xx 000 0 hin d
020 _a9789392757006
037 _aEBOOK
040 _aCRL
040 _bhin
040 _cCRL
041 _2hin
041 _ahin
084 _qCRL
100 _aविनोद कुमार शुक्ला
_91132910
245 0 _aकभी के बाद अभी
250 _a3rd
260 _bRajkamal
260 _c2021
300 _a116
856 _uhttps://ebook.indiaread.in/pdfs/9789392757006.pdf
942 _cEBOOK
999 _c1716483
_d1716483